Przywódcy i dyktatorzy XX i XXI wieku - Statystyki

Ogólne statystyki
  • Ten quiz został rozwiązany 2 262 razy
  • Średni wynik to 15 z 25
Statystyki odpowiedzi
Przywódca lub dyktator Kraj % Poprawnych
Mao Zedong Chiny
93%
Benito Mussolini Włochy
93%
Kim Ir Sen Korea Północna
91%
Fidel Castro Kuba
89%
Leonid Breżniew Związek Socjalistycznych Republik Radzieckich
88%
Francisco Franco Hiszpania
84%
Saddam Husajn Irak
81%
Josip Broz Tito Jugosławia
77%
Mu’ammar al-Kaddafi Libia
72%
Mustafa Kemal Atatürk Turcja
71%
Ajatollah Chomejni Iran
70%
Nicolae Ceaușescu Rumunia
68%
Hugo Chávez Wenezuela
67%
Pol Pot Kambodża
63%
Augusto Pinochet Chile
61%
Gamal Abdel Naser Egipt
59%
António de Oliveira Salazar Portugalia
49%
Erich Honecker Niemiecka Republika Demokratyczna
41%
Enver Hoxha Albania
35%
Mobutu Sese-Seko Zair
34%
Idi Amin Uganda
32%
Robert Mugabe Zimbabwe
27%
Suharto Indonezja
23%
Manuel Noriega Panama
23%
Saparmyrat Nyýazow Turkmenistan
22%
Nie znaleziono quizów pasujących do podanych kryteriów
Rozkład punktacji
Procent ludzi z każdym wynikiem
Percentyl według liczby udzielonych odpowiedzi
Twoja historia wyników
Nie rozwiązałeś tego quizu